书目信息 |
| 题名: |
赵孟頫楷书临习技法精解
|
|
| 作者: | 符涛 编著 | |
| 分册: | ||
| 出版信息: | 郑州 中州古籍出版社 2020.6 |
|
| 页数: | 85页 | |
| 开本: | 34cm | |
| 丛书名: | 历代名家碑帖临习技法精解 | |
| 单 册: | ||
| 中图分类: | J292.11 , J292.112.5 | |
| 科图分类: | ||
| 主题词: | 楷书--书法--中国--元代 | |
| 电子资源: | ||
| ISBN: | 978-7-5348-5894-9 | |
| 000 | 01119nam 2200277 45 | |
| 001 | 012001001050 | |
| 005 | 20130910132848.0 | |
| 010 | @a978-7-5348-5894-9@dCNY30.00 | |
| 099 | @aCAL 012018045926 | |
| 100 | @a20180424d2016 em y0chiy0110 ea | |
| 101 | 0 | @achi |
| 102 | @aCN@b410000 | |
| 105 | @ah z 000yy | |
| 106 | @ar | |
| 200 | 1 | @a赵孟頫楷书临习技法精解@Azhao meng fu kai shu lin xi ji fa jing jie@f符涛编著 |
| 210 | @a郑州@c中州古籍出版社@d2020.6 | |
| 215 | @a85页@c摹真@d34cm | |
| 225 | 2 | @a历代名家碑帖临习技法精解@Ali dai ming jia bei tie lin xi ji fa jing jie |
| 330 | @a本书临习范本为赵孟頫楷书。赵孟頫,字子昂,号松雪,松雪道人,汉族,宋太祖赵匡胤的第11世孙,元代著名诗人、画家,楷书四大家之一。他博学多才,能诗善文,工书法,精绘艺,擅金石,通律吕,解鉴赏。特别是书法和绘画成就最高,开创元代新画风,被称为“元人冠冕”。书法尤以楷、行书著称于世。 | |
| 461 | 0 | @12001 @a历代名家碑帖临习技法精解 |
| 606 | 0 | @a楷书@x书法@y中国@z元代 |
| 690 | @aJ292.11@v5 | |
| 690 | @aJ292.112.5@v5 | |
| 701 | 0 | @a符涛@Afu tao@4编著 |
| 801 | @aCN@b江苏凤凰@c20211018 | |
| 905 | @b1342008-11@dJ292.11@e693@f4 | |
| 赵孟頫楷书临习技法精解/符涛编著.-郑州:中州古籍出版社,2020.6 |
| 85页:摹真;34cm.-(历代名家碑帖临习技法精解) |
| ISBN 978-7-5348-5894-9:CNY30.00 |
| 本书临习范本为赵孟頫楷书。赵孟頫,字子昂,号松雪,松雪道人,汉族,宋太祖赵匡胤的第11世孙,元代著名诗人、画家,楷书四大家之一。他博学多才,能诗善文,工书法,精绘艺,擅金石,通律吕,解鉴赏。特别是书法和绘画成就最高,开创元代新画风,被称为“元人冠冕”。书法尤以楷、行书著称于世。 |
| ● |
| 相关链接 |
|
|
|
|
正题名:赵孟頫楷书临习技法精解
索取号:J292.11/693
 
预约/预借
| 序号 | 登录号 | 条形码 | 馆藏地/架位号 | 状态 | 备注 |
| 1 | 1342008 | 213420083 | 第一样本阅览室/ [索取号:J292.11/693] | 在馆 | |
| 2 | 1342009 | 213420092 | 第一借阅区/ [索取号:J292.11/693] | 在馆 | |
| 3 | 1342010 | 213420109 | 第一借阅区/ [索取号:J292.11/693] | 在馆 | |
| 4 | 1342011 | 213420118 | 第一借阅区/ [索取号:J292.11/693] | 在馆 |